[Event "Challenge"]
[Site "http://www.queenalice.com/game.php?id=134772"]
[Date "2006.11.29"]
[Round "-"]
[White "spawnwolfwolverine"]
[Black "LucioGorgone"]
[Result "0-1"]
[WhiteElo "1329"]
[BlackElo "1237"]

1. e3 e5 2. b3 d5 3. Ba3 Ne7 4. Nc3 c6 5. Nf3 e4 6. Ne5 f6 7. Ng4 h5 8. Nxf6+
gxf6 9. Be2 Na6 10. Bxh5+ Kd7 11. Bg4+ f5 12. Be2 Qa5 13. Bxe7 Bxe7 14. O-O Bd6
15. a4 Bxh2+ 16. Kh1 Qc7 17. f4 Bxf4+ 18. Kg1 Bh2+ 19. Kf2 Qg3# 0-1

[Event "Challenge"]
[Site "http://www.queenalice.com/game.php?id=135141"]
[Date "2006.11.30"]
[Round "-"]
[White "LucioGorgone"]
[Black "pedrinho_mec04"]
[Result "0-1"]
[WhiteElo "1299"]
[BlackElo "1203"]

1. e4 d6 2. d3 c5 3. c4 g6 4. Qa4+ Bd7 5. Qc2 Qa5+ 6. Nc3 Bg7 7. Bd2 Nc6 8. g3
Nb4 9. Qb3 Nxd3+ 10. Bxd3 Be6 11. Nd5 Bh6 12. Nf4 Qc7 13. Bc3 Nf6 14. Nf3 Bg4
15. Be2 Rg8 16. Qa4+ Qc6 17. Qb4 cxb4 18. Bxb4 Nxe4 19. h3 Be6 20. O-O Bxc4 21.
Rfc1 Qb6 22. Be1 Ba6 23. Nd5 Qd8 24. Rc7 Rc8 25. Rxe7+ Kf8 26. Rxe4 Rc2 0-1

[Event "Challenge"]
[Site "http://www.queenalice.com/game.php?id=137699"]
[Date "2006.12.6"]
[Round "-"]
[White "wellcome"]
[Black "LucioGorgone"]
[Result "0-1"]
[WhiteElo "1217"]
[BlackElo "1282"]

1. e3 e5 2. Qf3 d6 3. Bc4 Nf6 4. Ne2 Bg4 5. Qxb7 Nbd7 6. Bb5 Rb8 7. Qa6 Rb6 8.
Qa4 Qc8 9. Bxd7+ Qxd7 10. Qxa7 Qb5 11. Qa3 Qxe2# 0-1

[Event "Challenge"]
[Site "http://www.queenalice.com/game.php?id=138421"]
[Date "2006.12.8"]
[Round "-"]
[White "LucioGorgone"]
[Black "farofa38"]
[Result "1-0"]
[WhiteElo "1303"]
[BlackElo "1246"]

1. d4 Nf6 2. f3 g5 3. Bxg5 h6 4. Bf4 Nh5 5. Bc1 e6 6. e4 c6 7. Bd2 b5 8. b4 Qb6
9. Bc3 d6 10. d5 Rg8 11. Bd4 Qd8 12. Nh3 e5 13. Be3 a5 14. c3 Na6 15. dxc6 axb4
16. Qb3 bxc3 17. Nxc3 b4 18. Qd5 Nf6 19. c7 Qxc7 20. Qxa8 Qxc3+ 21. Kf2 Kd7 22.
Rc1 1-0

[Event "Challenge"]
[Site "http://www.queenalice.com/game.php?id=138424"]
[Date "2006.12.8"]
[Round "-"]
[White "LucioGorgone"]
[Black "Malkmus"]
[Result "0-1"]
[WhiteElo "1338"]
[BlackElo "1603"]

1. e4 d5 2. Bb5+ Bd7 3. Bd3 e5 4. exd5 Nf6 5. Be4 Nxe4 6. d3 Bb4+ 7. c3 Qf6 8.
f3 Qh4+ 9. g3 Qh5 10. dxe4 Ba5 11. Nd2 O-O 12. b4 Bb6 13. g4 Qh4+ 14. Kf1 Bb5+
15. Kg2 Qf2+ 16. Kh3 g5 17. c4 Bd7 18. Ne2 h5 19. Rf1 Qh4+ 20. Kg2 hxg4 21. c5
Qh3+ 22. Kf2 Qxh2+ 23. Ke3 g3 24. Rg1 c6 25. Nf1 Qh4 26. cxb6 axb6 27. Nfxg3
cxd5 28. Rh1 d4+ 29. Kd3 Bb5+ 30. Kd2 Bxe2 31. Qg1 Qf4+ 32. Kxe2 d3+ 33. Kxd3
Qxf3+ 34. Kd2 Rd8+ 35. Ke1 Rd1# 0-1

[Event "Challenge"]
[Site "http://www.queenalice.com/game.php?id=138540"]
[Date "2006.12.8"]
[Round "-"]
[White "wellcome"]
[Black "LucioGorgone"]
[Result "0-1"]
[WhiteElo "1257"]
[BlackElo "1337"]

1. e4 e5 2. Qf3 d6 3. Bc4 Nf6 4. d3 Bg4 5. Qg3 Qd7 6. Bg5 Nh5 7. Qh4 f6 8. Be3
g5 9. Bxg5 fxg5 10. h3 gxh4 11. hxg4 Qxg4 12. g3 hxg3 13. f3 Qg6 14. Nd2 g2 15.
Rh2 Nf4 16. O-O-O Qg3 17. Rh3 Nxh3 18. Nxh3 Qxh3 19. d4 Nc6 20. Bd5 Nxd4 21.
Bxb7 Rb8 22. Bd5 h5 23. Nc4 Rh6 24. f4 exf4 25. e5 Rg6 26. exd6 g1=Q 27. Rxg1
Rxg1+ 28. Kd2 f3 29. dxc7 Rc8 30. Nd6+ Bxd6 31. Kc3 f2+ 32. Kxd4 f1=Q 0-1

[Event "Challenge"]
[Site "http://www.queenalice.com/game.php?id=138611"]
[Date "2006.12.8"]
[Round "-"]
[White "cbecker"]
[Black "LucioGorgone"]
[Result "1-0"]
[WhiteElo "1087"]
[BlackElo "1350"]

1. e4 e5 2. Bb5 c6 3. Bc4 d5 4. Be2 Nf6 5. exd5 Nxd5 6. Nf3 f6 7. O-O Bf5 8. Bc4
Nb6 9. Bb3 N8d7 10. d4 Nd5 11. dxe5 fxe5 12. Re1 e4 13. Bg5 Qc8 14. Nbd2 h6 15.
Bh4 g5 16. Bg3 Be7 17. c4 Nb4 18. Nxe4 g4 19. Nd4 a5 20. Nxf5 Bd8 21. Ned6+ Kf8
22. Re8# 1-0

[Event "Challenge"]
[Site "http://www.queenalice.com/game.php?id=138614"]
[Date "2006.12.8"]
[Round "-"]
[White "LucioGorgone"]
[Black "debia"]
[Result "1-0"]
[WhiteElo "1325"]
[BlackElo "1252"]

1. e4 e5 2. f3 Bc5 3. Ne2 g5 4. d4 exd4 5. Nxd4 Qf6 6. Nc3 Bxd4 7. Nd5 Qe5 8. c3
Bc5 9. b4 Qxc3+ 10. Nxc3 Bxb4 11. Qd4 c5 12. Qxh8 Bxc3+ 13. Qxc3 b6 14. Qe5+ Kf8
15. Qd6+ Ne7 16. Qh6+ Kg8 17. Qxg5+ Kf8 18. Bc4 f6 19. Qxf6+ Ke8 20. Qh8+ Ng8
21. Qxg8+ Ke7 22. Qxc8 h5 23. Bg5+ Kd6 24. Qb7 Nc6 25. Qxa8 a5 26. Rd1+ Kc7 27.
Bf4+ d6 28. Rxd6 b5 29. Rxc6+ Kd7 30. Rxc5 Ke7 31. Rxb5 Kf6 32. Qf8+ Kg6 33.
Bf7+ Kf6 34. Rf5# 1-0

[Event "Challenge"]
[Site "http://www.queenalice.com/game.php?id=139008"]
[Date "2006.12.9"]
[Round "-"]
[White "Pollyanna"]
[Black "LucioGorgone"]
[Result "1-0"]
[WhiteElo "1024"]
[BlackElo "1299"]

1. e4 e5 2. Nf3 Nf6 3. g3 c6 4. b4 Nxe4 5. d3 Bxb4+ 6. Bd2 Bc5 7. a3 d5 8. Bg5
Nxg5 9. h4 Ne6 10. Bh3 O-O 11. O-O Qf6 12. Nc3 e4 13. Nd2 Bxf2+ 14. Rxf2 Qxh4
15. gxh4 Nd7 16. Rf1 f5 17. Bxf5 Nf6 18. a4 g6 19. Bh3 Rf7 20. Ra3 b6 21. d4
Nxd4 22. Bg2 e3 23. Ndb1 Bg4 24. Qe1 Nxc2 25. Qd2 Nxa3 26. Nxa3 exd2 27. Nd1 Be2
28. Rf2 Re8 29. Nb2 Re3 30. Nb1 d1=Q+ 31. Kh2 Qxb1 32. Bh1 1-0

[Event "Challenge"]
[Site "http://www.queenalice.com/game.php?id=139678"]
[Date "2006.12.11"]
[Round "-"]
[White "LucioGorgone"]
[Black "Paulo_Rodrigues"]
[Result "0-1"]
[WhiteElo "1348"]
[BlackElo "974"]

1. e4 c6 2. d4 d5 3. f3 h6 4. Nh3 Bxh3 5. gxh3 e6 6. Nc3 Bb4 7. a3 Bxc3+ 8. bxc3
Qh4+ 9. Ke2 dxe4 10. Rg1 exf3+ 11. Kxf3 Qf6+ 12. Bf4 g5 13. Qd3 Qxf4+ 14. Ke2
Qxh2+ 15. Rg2 Qf4 16. Rf2 Qd6 17. Bg2 Nd7 18. Ra2 Ngf6 19. a4 Nd5 20. Rb2 Nf4+
21. Rxf4 Qxf4 22. a5 O-O-O 23. Be4 Nc5 24. dxc5 Rxd3 25. Kxd3 Rd8+ 0-1

[Event "Challenge"]
[Site "http://www.queenalice.com/game.php?id=139820"]
[Date "2006.12.11"]
[Round "-"]
[White "debia"]
[Black "LucioGorgone"]
[Result "1/2-1/2"]
[WhiteElo "1270"]
[BlackElo "1336"]

1. e4 e5 2. f3 f6 3. d3 Bb4+ 4. c3 Ba5 5. b4 Bb6 6. Na3 Nc6 7. Nc4 Bxg1 8. Rxg1
d6 9. d4 Be6 10. d5 Bf7 11. b5 Nce7 12. b6 axb6 13. g4 Ng6 14. Ne3 Nh4 15. a4 b5
16. a5 Ra6 17. c4 bxc4 18. Bxc4 Rc6 19. dxc6 Qa8 20. Qd2 Nxf3+ 21. Kd1 Nxd2 22.
Bxd2 Bg6 23. Nd5 Qc8 24. a6 bxa6 25. Ba5 Bxe4 26. Nxc7+ Kf8 27. Ne6+ Ke7 28. Re1
Qxc6 29. Bd8+ Kd7 30. Rc1 Nh6 31. h3 Nf7 32. Bb3 Bf3+ 33. Kd2 Bxg4 34. Rxc6 Kxc6
35. Rc1+ Kd7 36. Rc7+ Ke8 37. Nxg7+ Kxd8 38. Rxf7 Be6 39. Nxe6+ Ke8 40. Rxf6 Ke7
41. Rh6 e4 42. Ke3 Rg8 43. Rxh7+ Kf6 44. Rh6+ Kf5 45. h4 Rg3+ 46. Kd4 Rxb3 47.
Ng5 e3 48. Re6 Kf4 49. Nh3+ Kg3 50. h5 Kxh3 51. h6 Kg2 52. h7 Rb8 53. Rxd6 a5
54. Rg6+ Kf2 55. Rg8 Rb4+ 56. Kc3 Rh4 57. Rf8+ Kg2 58. Rg8+ Kf2 59. h8=Q Rxh8
60. Rxh8 e2 61. Rh2+ Kf1 62. Rh1+ Kg2 63. Re1 Kf2 64. Rc1 e1=Q+ 65. Rxe1 Kxe1
66. Kb3 Kd2 67. Ka4 Kc3 68. Kxa5 Kb2 1/2-1/2

[Event "Challenge"]
[Site "http://www.queenalice.com/game.php?id=140310"]
[Date "2006.12.12"]
[Round "-"]
[White "LucioGorgone"]
[Black "saturnin"]
[Result "1-0"]
[WhiteElo "1318"]
[BlackElo "1391"]

1. e4 e5 2. Nf3 Bd6 3. d4 Nc6 4. c3 Qe7 5. Bg5 Nf6 6. Bc4 exd4 7. cxd4 Bb4+ 8.
Nc3 Qxe4+ 9. Kf1 Qf5 10. Bh4 O-O 11. a3 Bd6 12. Qd2 a5 13. Bg5 Nh5 14. Nh4 Qg4
15. Be2 Qxd4 16. Be3 Qxd2 17. Bxd2 Nd4 18. Bxh5 Nc2 19. Rc1 Nd4 20. Nd5 Re8 21.
Bc3 Nb3 22. Rd1 b5 23. Nf5 Ba6 24. Bxg7 Re5 25. Nf6# 1-0

[Event "Challenge"]
[Site "http://www.queenalice.com/game.php?id=140313"]
[Date "2006.12.12"]
[Round "-"]
[White "saturnin"]
[Black "LucioGorgone"]
[Result "1-0"]
[WhiteElo "1272"]
[BlackElo "1337"]

1. e4 e5 2. Nf3 f6 3. Nc3 Nc6 4. d4 exd4 5. Nxd4 Ne5 6. Qh5+ g6 7. Qe2 c5 8. Nb3
d6 9. Qb5+ Nc6 10. Bd2 a6 11. Qc4 Ne5 12. Qe2 Ne7 13. Rd1 Bg7 14. a4 O-O 15. Nd5
Bg4 16. Nxe7+ Qxe7 17. f3 Bd7 18. f4 Nc4 19. Bc3 Qe6 20. g4 Bxa4 21. Qxc4 Qxc4
22. Bxc4+ Kh8 23. Rxd6 b5 24. Nxc5 Bxc2 25. Bd5 Rfc8 26. Bxa8 Rxa8 27. Bxf6 Rg8
28. Bxg7+ Rxg7 29. Kd2 Bb1 30. Rxb1 Rc7 31. Nxa6 Ra7 32. Rc1 Rb7 33. Rc8+ Kg7
34. Nc7 b4 35. g5 Kf7 36. Rd7# 1-0

[Event "Challenge"]
[Site "http://www.queenalice.com/game.php?id=142250"]
[Date "2006.12.16"]
[Round "-"]
[White "wellcome"]
[Black "LucioGorgone"]
[Result "1-0"]
[WhiteElo "1231"]
[BlackElo "1333"]

1. d4 d5 2. e3 c6 3. Qf3 Nf6 4. Nc3 Bg4 5. Qg3 e6 6. e4 dxe4 7. Bg5 h6 8. Bxf6
Qxf6 9. Qxg4 h5 10. Qxe4 Bd6 11. Rd1 Na6 12. Bxa6 bxa6 13. Qxc6+ Ke7 14. Ne4
Bb4+ 15. c3 Rac8 16. Qb7+ Kd8 17. Qxb4 Qf4 18. Nd6 Rc6 19. Qb8+ Ke7 20. Qxh8
Rxd6 21. Ne2 Qg4 22. h3 Qe4 23. Qxh5 Rd5 24. Qf3 Re5 25. dxe5 Qxe5 26. Qd3 a5
27. Qd7+ Kf6 28. Qd8+ Kf5 29. g4+ Kg6 30. h4 Qe4 31. h5+ Kh6 32. g5+ Kh7 33. g6+
fxg6 34. hxg6+ Kxg6 35. Rg1+ Kf5 36. Qg5# 1-0

[Event "Challenge"]
[Site "http://www.queenalice.com/game.php?id=142251"]
[Date "2006.12.16"]
[Round "-"]
[White "wellcome"]
[Black "LucioGorgone"]
[Result "0-1"]
[WhiteElo "1244"]
[BlackElo "1323"]

1. d3 e5 2. e3 d6 3. Qf3 Nf6 4. e4 Bg4 5. Qg3 Qd7 6. Nc3 Nh5 7. Qe3 Nc6 8. Be2
Nf4 9. Bxg4 Qxg4 10. Qh3 Nxh3 11. gxh3 Qg2 12. Be3 Qxh1 13. O-O-O Qxh2 14. Nf3
Qxh3 15. Ng1 Qh5 16. Nd5 Nd4 17. Nxc7+ Kd7 18. Nxa8 Be7 19. Bxd4 exd4 20. Nf3
Rxa8 21. Nxd4 Bg5+ 22. Kb1 Qxd1# 0-1

[Event "Challenge"]
[Site "http://www.queenalice.com/game.php?id=142314"]
[Date "2006.12.16"]
[Round "-"]
[White "debia"]
[Black "LucioGorgone"]
[Result "1-0"]
[WhiteElo "1356"]
[BlackElo "1313"]

1. e4 e5 2. Nf3 f6 3. Bc4 Nh6 4. h3 d5 5. Bxd5 c6 6. Bc4 Nd7 7. Nc3 b5 8. Be6 b4
9. Na4 Ke7 10. Bc4 Qa5 11. b3 Ke8 12. Nh4 g5 13. Qh5+ Nf7 14. Bxf7+ Ke7 15. Nf5+
Kd8 16. Be6 Ba6 17. Bxd7 Kxd7 18. Qf7+ Kc8 19. Qe6+ Kb8 20. Qxf6 Rg8 21. Qf7 Rh8
22. Bb2 Qb5 23. d3 c5 24. Bxe5+ Kc8 25. Bxh8 Qd7 26. Qxf8+ 1-0